Where creditors are due (Record no. 81237)
[ view plain ]
| 000 -LEADER | |
|---|---|
| fixed length control field | 01019cab a22002175a 4500 |
| 001 - CONTROL NUMBER | |
| control field | L146674 |
| 008 - FIXED-LENGTH DATA ELEMENTS--GENERAL INFORMATION | |
| fixed length control field | 090213e20090116xxk f v 000 0 eng d |
| 035 ## - SYSTEM CONTROL NUMBER | |
| System control number | (Sirsi) u146674 |
| 041 0# - LANGUAGE CODE | |
| Language code of text/sound track or separate title | eng |
| 100 1# - MAIN ENTRY--PERSONAL NAME | |
| Personal name | Ross, Jonathan |
| 245 00 - TITLE STATEMENT | |
| Title | Where creditors are due |
| 260 ## - PUBLICATION, DISTRIBUTION, ETC. | |
| Date of publication, distribution, etc. | 2009 |
| 490 #0 - SERIES STATEMENT | |
| Series statement | Property Week |
| Volume/sequential designation | 75(3) 16 January 2009, 58(1) |
| 520 ## - SUMMARY, ETC. | |
| Summary, etc. | Summarises the case of Innovate Logistics Ltd (In Administration) v Sunberry Properties Ltd [2008] EXCA Civ 1321, 18 November 2008. Case clarified the extent to which an administrator of an insolvent tenant can act in breach of the terms of the lease to safeguard or increase the sums available to the tenant's creditors. Case shows that the interests of creditors of an insolvent tenant may take precedence over those of a landlord. |
| 590 ## - LOCAL NOTE (RLIN) | |
| Local note | KA |
| 650 24 - SUBJECT ADDED ENTRY--TOPICAL TERM | |
| Topical term or geographic name entry element | INSOLVENCY ACT 1986 |
| 651 #4 - SUBJECT ADDED ENTRY--GEOGRAPHIC NAME | |
| Geographic name | England and Wales |
| Chronological subdivision | 1543- |
| 690 ## - LOCAL SUBJECT ADDED ENTRY--TOPICAL TERM (OCLC, RLIN) | |
| Topical term or geographic name as entry element | MANAGEMENT-CORPORATE RECOVERY |
| 690 ## - LOCAL SUBJECT ADDED ENTRY--TOPICAL TERM (OCLC, RLIN) | |
| Topical term or geographic name as entry element | PROPERTY-COMMERCIAL PROPERTY-COMMERCIAL LANDLORD AND TENANT |
| 942 ## - ADDED ENTRY ELEMENTS (KOHA) | |
| Suppress in OPAC | 0 |
| Withdrawn status | Lost status | Source of classification or shelving scheme | Damaged status | Not for loan | Home library | Current library | Shelving location | Date acquired | Total Checkouts | Full call number | Barcode | Date last seen | Copy number | Price effective from | Koha item type |
|---|---|---|---|---|---|---|---|---|---|---|---|---|---|---|---|
| Dewey Decimal Classification | London | London | Journal article | 13/02/2009 | L146674 | 146674-1001 | 06/08/2019 | 1 | 06/08/2019 | Journal article |